Sửa chữa Diezel tàu thủy

Sparad:
Bibliografiska uppgifter
Huvudupphovsman: V M Selutrenco
Materialtyp: Bok
Språk:Undetermined
Publicerad: Hà Nội Công nhân kĩ thuật 1978
Taggar: Lägg till en tagg
Inga taggar, Lägg till första taggen!
Thư viện lưu trữ: Trung tâm Học liệu Trường Đại học Cần Thơ
LEADER 00491nam a2200169Ia 4500
001 CTU_14229
008 210402s9999 xx 000 0 und d
082 |a 623.8208 
082 |b S544 
100 |a V M Selutrenco 
245 0 |a Sửa chữa Diezel tàu thủy 
245 0 |c V M Selutrenco 
260 |a Hà Nội 
260 |b Công nhân kĩ thuật 
260 |c 1978 
904 |i Nguyễn Quang Điền, 961230 
980 |a Trung tâm Học liệu Trường Đại học Cần Thơ